000 00243nam a2200109Ia 4500
999 _c8912
_d8912
020 _a978-0133970777
100 _aElmasri, Navathe
245 0 _aFundamentals Of Database Systems
260 _aDelhi
_bAddison
_c1983
300 _a448
942 _cBK